000 00322 a2200157 4500
001 67906
020 _a9781408060858
040 _cAnchieta - Pituba
100 _aMilton, Catherine
240 1 0 _aSpin 1
_lpor
245 1 0 _aSpin 1
300 _a96
362 0 _a2013
650 4 _aInglês e inglês antigo
942 _cBK
999 _c67906
_d67906